Dover Frames and Borders : Full-Color Electronic Designs [
| Format: | Book |
|---|---|
| Published: |
New York :
Dover Publication ,
2000
|
MARC
| LEADER | 00000cam a2200000 7i4500 | ||
|---|---|---|---|
| 001 | 0000015010 | ||
| 005 | 20071030.0 | ||
| 040 | |a INS | ||
| 090 | 0 | 0 | |a CD 235 |
| 245 | 0 | 0 | |a Dover Frames and Borders : |b Full-Color Electronic Designs [ |h computer optical disc] |
| 260 | |a New York : |b Dover Publication , |c 2000 | ||
| 300 | |a 1 computer optical disc : |b col ; |c 4 3/4 in. | ||
| 999 | |a CD00000235 |b CD-ROM |c Media Collection |e Default branch | ||